[Event "Callao op"]
[Site "Callao"]
[Date "2007.08.14"]
[Round "9"]
[White "Cori Tello, Jorge Moise"]
[Black "Rodriguez Vila, Andres"]
[Result "0-1"]
[WhiteElo "2267"]
[BlackElo "2547"]
[PlyCount "56"]
[EventDate "2007.08.08"]
[EventType "swiss"]
[EventRounds "9"]
[EventCountry "PER"]
[SourceTitle "CBM 119 Extra"]
[Source "ChessBase"]
[SourceDate "2007.09.04"]
[SourceVersion "1"]
[SourceVersionDate "2007.09.04"]
[SourceQuality "1"]

1. e4 e6 2. d4 d5 3. e5 c5 4. c3 Bd7 5. Nf3 Nc6 6. Be2 f6 7. exf6 Nxf6 8. O-O
Bd6 9. dxc5 Bxc5 10. b4 Bd6 11. b5 Ne5 12. Nxe5 Bxe5 13. Ba3 Qc7 14. g3 Ne4 15.
Bb4 g6 16. Bd3 Nc5 17. Re1 Bg7 18. Bf1 O-O 19. Nd2 Rf7 20. Qe2 a5 21. Ba3 Na4
22. Rac1 Qb6 23. Nb1 Rc8 24. Qe3 d4 25. Qd3 dxc3 26. Rc2 Bd4 27. Kh1 e5 28. Bg2
Bxb5 0-1

[Event "LNA Puma Cup"]
[Site "Argentina"]
[Date "2007.08.18"]
[Round "2"]
[White "Rodriguez Vila, Andres"]
[Black "Shcherbine, Andrei"]
[Result "0-1"]
[WhiteElo "2547"]
[BlackElo "2213"]
[PlyCount "45"]
[EventDate "2007.08.11"]
[EventType "team"]
[EventRounds "9"]
[EventCountry "ARG"]
[SourceTitle "CBM 120 Extra"]
[Source "ChessBase"]
[SourceDate "2007.11.01"]
[SourceVersion "1"]
[SourceVersionDate "2007.11.01"]
[SourceQuality "1"]

1. f4 Nf6 2. Nf3 e6 3. d3 d5 4. g3 d4 5. Bg2 c5 6. O-O Nc6 7. Na3 Nd5 8. Qe1
Be7 9. c3 O-O 10. Bd2 Rb8 11. Nc2 b5 12. Rd1 Qb6 13. e4 dxe3 14. Nxe3 c4 15. d4
b4 16. Nxc4 Qa6 17. Nce5 bxc3 18. bxc3 Rb2 19. Rf2 Nxe5 20. Nxe5 f6 21. Nd3
Rxa2 22. Nc1 Ra3 23. c4 0-1

[Event "LNA Puma Cup"]
[Site "Argentina"]
[Date "2007.09.01"]
[Round "4"]
[White "Liascovich, Lucas Agustin"]
[Black "Rodriguez Vila, Andres"]
[Result "0-1"]
[WhiteElo "2430"]
[BlackElo "2547"]
[PlyCount "80"]
[EventDate "2007.08.11"]
[EventType "team"]
[EventRounds "9"]
[EventCountry "ARG"]
[SourceTitle "CBM 120 Extra"]
[Source "ChessBase"]
[SourceDate "2007.11.01"]
[SourceVersion "1"]
[SourceVersionDate "2007.11.01"]
[SourceQuality "1"]

1. d4 d6 2. Bg5 h6 3. Bh4 g5 4. Bg3 Bg7 5. c3 f5 6. e3 Nf6 7. Nd2 Nc6 8. h4 g4
9. Bb5 O-O 10. Qb3+ e6 11. Ne2 Nh5 12. Nf4 Nxg3 13. fxg3 Na5 14. Qc2 e5 15.
dxe5 dxe5 16. Ng6 Rf6 17. h5 Kh7 18. Be2 e4 19. O-O-O Qg8 20. Qa4 Nc6 21. Rhf1
Be6 22. Nxe4 fxe4 23. Qxe4 Rxg6 24. hxg6+ Kh8 25. Rh1 Rf8 26. Rh5 Rf6 27. Rf1
Qf8 28. Bxg4 Bxg4 29. Qxg4 Ne7 30. Rd1 Nxg6 31. Qe4 Rc6 32. Rf5 Qg8 33. Kb1 Rb6
34. Rd3 Bf6 35. g4 Qf7 36. Rd8+ Kg7 37. Rfd5 Re6 38. Qc4 Rxe3 39. R5d7 Re1+ 40.
Kc2 Ne7 0-1

[Event "LNA Puma Cup"]
[Site "Argentina"]
[Date "2007.09.09"]
[Round "5"]
[White "Garcia Palermo, Carlos H"]
[Black "Rodriguez Vila, Andres"]
[Result "1-0"]
[WhiteElo "2459"]
[BlackElo "2547"]
[PlyCount "125"]
[EventDate "2007.08.11"]
[EventType "team"]
[EventRounds "9"]
[EventCountry "ARG"]
[SourceTitle "CBM 120 Extra"]
[Source "ChessBase"]
[SourceDate "2007.11.01"]
[SourceVersion "1"]
[SourceVersionDate "2007.11.01"]
[SourceQuality "1"]

1. d4 f5 2. g3 Nf6 3. Bg2 g6 4. c4 Bg7 5. Nf3 O-O 6. b4 d5 7. c5 Ne4 8. Bb2 a5
9. a3 axb4 10. axb4 Rxa1 11. Bxa1 b6 12. Nc3 bxc5 13. bxc5 e6 14. O-O Nc6 15.
e3 Ba6 16. Re1 Qd7 17. Qa4 Ra8 18. Bf1 Nb8 19. Qxd7 Nxd7 20. Nxe4 fxe4 21. Bh3
Nb8 22. Nd2 Kf7 23. f3 exf3 24. Nxf3 Bf6 25. Bc3 Nd7 26. Bd2 Bd3 27. Bf1 Be4
28. Be2 Ra2 29. Rd1 c6 30. Kf2 g5 31. Ne1 e5 32. Bc3 exd4 33. Bxd4 Be7 34. Rc1
Nf6 35. Kf1 Bf5 36. Nf3 Nd7 37. Ne5+ Nxe5 38. Bxe5 Ke6 39. Bd4 Bf6 40. Re1 Rd2
41. Bh5 Be4 42. Bxf6 Kxf6 43. Be8 Rxh2 44. Bxc6 Rc2 45. Be8 Rxc5 46. Bh5 Rc2
47. Be2 Kf5 48. Ra1 h5 49. Ra8 Rc1+ 50. Kf2 Rh1 51. Bf1 g4 52. Rf8+ Ke6 53.
Re8+ Kd6 54. Rd8+ Kc5 55. Rc8+ Kb4 56. Rh8 Kc3 57. Rh6 Rh2+ 58. Kg1 Rb2 59.
Rxh5 Kb4 60. Rh4 Bf3 61. Bh3 Rb1+ 62. Kf2 Rb2+ 63. Kg1 1-0

[Event "LNA Puma Cup"]
[Site "Argentina"]
[Date "2007.09.15"]
[Round "6"]
[White "Felgaer, Ruben Alejandro"]
[Black "Rodriguez Vila, Andres"]
[Result "0-1"]
[WhiteElo "2559"]
[BlackElo "2547"]
[PlyCount "44"]
[EventDate "2007.08.11"]
[EventType "team"]
[EventRounds "9"]
[EventCountry "ARG"]
[SourceTitle "CBM 120 Extra"]
[Source "ChessBase"]
[SourceDate "2007.11.01"]
[SourceVersion "1"]
[SourceVersionDate "2007.11.01"]
[SourceQuality "1"]

1. e4 d6 2. d4 g6 3. Nc3 a6 4. f4 b5 5. Be2 Bb7 6. Bf3 Nd7 7. Be3 b4 8. Nce2
Ngf6 9. e5 Nd5 10. Bd2 N7b6 11. Nh3 c5 12. dxc5 dxc5 13. O-O Qc7 14. c3 Rd8 15.
Qc2 bxc3 16. bxc3 e6 17. Nf2 Be7 18. Ng3 O-O 19. Rfe1 Bc6 20. Kh1 Nc4 21. Bc1
Qa5 22. Nge4 Rb8 0-1

[Event "LNA Puma Cup"]
[Site "Argentina"]
[Date "2007.09.22"]
[Round "7"]
[White "Villanueva, Mario Nicolas"]
[Black "Rodriguez Vila, Andres"]
[Result "0-1"]
[WhiteElo "2278"]
[BlackElo "2547"]
[PlyCount "79"]
[EventDate "2007.08.11"]
[EventType "team"]
[EventRounds "9"]
[EventCountry "ARG"]
[SourceTitle "CBM 120 Extra"]
[Source "ChessBase"]
[SourceDate "2007.11.01"]
[SourceVersion "1"]
[SourceVersionDate "2007.11.01"]
[SourceQuality "1"]

1. e4 d6 2. d4 g6 3. Nc3 a6 4. f4 b5 5. Nf3 Bb7 6. Bd3 c5 7. dxc5 dxc5 8. Be3
Nd7 9. e5 Nh6 10. e6 fxe6 11. Ng5 Bxg2 12. Nxh7 Rxh7 13. Bxg6+ Rf7 14. Rg1 b4
15. f5 Ne5 16. Bxf7+ Nhxf7 17. fxe6 Qxd1+ 18. Nxd1 Nf3+ 19. Kf2 Nxg1 20. exf7+
Kxf7 21. Kxg2 Ne2 22. a3 Rc8 23. Nf2 Nd4 24. Ne4 Nxc2 25. Rf1+ Ke8 26. Bxc5 b3
27. Kh3 Bg7 28. Rf3 Ne1 29. Rf2 Rc6 30. Kg4 a5 31. a4 Re6 32. Kf5 Rh6 33. Rg2
e6+ 34. Kg5 Rh3 35. Nd6+ Kd7 36. Nc4 Kc6 37. Be3 Nc2 38. Nxa5+ Kd5 39. Nxb3 Na3
40. Rd2+ 0-1

[Event "Villa Martelli Pro Am op 14th"]
[Site "Villa Martelli"]
[Date "2007.10.10"]
[Round "1"]
[White "Rodriguez Vila, Andres"]
[Black "Sanduay, Nicolas"]
[Result "1-0"]
[WhiteElo "2547"]
[BlackElo "2003"]
[PlyCount "55"]
[EventDate "2007.10.18"]
[EventType "swiss"]
[EventRounds "9"]
[EventCountry "ARG"]
[SourceTitle "EXT 2008"]
[Source "ChessBase"]
[SourceDate "2007.11.25"]
[SourceVersion "1"]
[SourceVersionDate "2007.11.25"]
[SourceQuality "1"]

1. f4 c5 2. g3 Nc6 3. Bg2 g6 4. e4 Bg7 5. d3 e6 6. Nf3 Nge7 7. O-O O-O 8. c3 d6
9. Be3 b5 10. d4 cxd4 11. cxd4 d5 12. e5 a5 13. Nbd2 Ba6 14. Nb3 Qb6 15. Nc5
Rfd8 16. g4 a4 17. h4 Na5 18. b3 axb3 19. axb3 b4 20. Rf2 Bb5 21. Qe1 Nec6 22.
h5 Nb7 23. hxg6 hxg6 24. Rxa8 Rxa8 25. f5 Nxc5 26. dxc5 Qa7 27. f6 Bf8 28. Rc2
1-0

[Event "Villa Martelli Pro Am op 14th"]
[Site "Villa Martelli"]
[Date "2007.10.11"]
[Round "2"]
[White "Mavrich, Leandro Nicolas"]
[Black "Rodriguez Vila, Andres"]
[Result "0-1"]
[WhiteElo "2181"]
[BlackElo "2547"]
[PlyCount "34"]
[EventDate "2007.10.18"]
[EventType "swiss"]
[EventRounds "9"]
[EventCountry "ARG"]
[SourceTitle "EXT 2008"]
[Source "ChessBase"]
[SourceDate "2007.11.25"]
[SourceVersion "1"]
[SourceVersionDate "2007.11.25"]
[SourceQuality "1"]

1. e4 d6 2. d4 g6 3. Nc3 a6 4. a4 b6 5. Bc4 e6 6. h4 h6 7. Be3 Nf6 8. f3 d5 9.
exd5 exd5 10. Bd3 Bd6 11. Nge2 c5 12. b3 Nc6 13. Qd2 Qe7 14. O-O-O c4 15. Nxd5
Nxd5 16. Be4 Bb4 17. c3 Na5 0-1

[Event "Villa Martelli Pro Am op 14th"]
[Site "Villa Martelli"]
[Date "2007.10.12"]
[Round "3"]
[White "Rodriguez Vila, Andres"]
[Black "Barrionuevo, Pablo"]
[Result "1-0"]
[WhiteElo "2547"]
[BlackElo "2288"]
[PlyCount "80"]
[EventDate "2007.10.18"]
[EventType "swiss"]
[EventRounds "9"]
[EventCountry "ARG"]
[SourceTitle "EXT 2008"]
[Source "ChessBase"]
[SourceDate "2007.11.25"]
[SourceVersion "1"]
[SourceVersionDate "2007.11.25"]
[SourceQuality "1"]

1. d3 Nf6 2. e4 e5 3. g4 h6 4. Nc3 Bc5 5. g5 hxg5 6. Bxg5 c6 7. Qf3 d6 8. Bxf6
Qxf6 9. Qxf6 gxf6 10. h4 Be6 11. Nge2 Nd7 12. Ng3 O-O-O 13. h5 Rdg8 14. Bh3 Rg5
15. Nce2 d5 16. Rd1 dxe4 17. dxe4 Nb6 18. b3 a5 19. Rd3 Kc7 20. Kf1 Bd6 21. Ng1
Nc8 22. Nf3 Rgg8 23. Nh4 Ne7 24. c4 Bc5 25. Ng2 Rh6 26. Ke2 Bd4 27. Rf3 Rg5 28.
Ne3 Bxe3 29. fxe3 Bxh3 30. Rxh3 Kd6 31. Rh1 b6 32. Rhf1 Ke6 33. Rd1 Rg8 34. a3
Ra8 35. Rd3 Rhh8 36. Rf1 Rad8 37. Rxd8 Rxd8 38. b4 a4 39. c5 b5 40. h6 Rh8 1-0

[Event "Villa Martelli Pro Am op 14th"]
[Site "Villa Martelli"]
[Date "2007.10.13"]
[Round "4"]
[White "Goldwaser, Christian"]
[Black "Rodriguez Vila, Andres"]
[Result "0-1"]
[WhiteElo "2352"]
[BlackElo "2547"]
[PlyCount "100"]
[EventDate "2007.10.18"]
[EventType "swiss"]
[EventRounds "9"]
[EventCountry "ARG"]
[SourceTitle "EXT 2008"]
[Source "ChessBase"]
[SourceDate "2007.11.25"]
[SourceVersion "1"]
[SourceVersionDate "2007.11.25"]
[SourceQuality "1"]

1. d4 d6 2. e4 g6 3. c4 e5 4. Nf3 Nc6 5. Bg5 f6 6. Be3 Bh6 7. Bxh6 Nxh6 8. Qd2
Nf7 9. Nc3 O-O 10. h3 Ng5 11. Nxg5 fxg5 12. dxe5 Nxe5 13. Be2 Be6 14. b3 c6 15.
O-O Qe7 16. Rad1 Rad8 17. Qd4 b6 18. a4 h5 19. f3 Rf4 20. a5 bxa5 21. c5 Bxb3
22. cxd6 Qe6 23. Rb1 a4 24. Nxa4 Bxa4 25. Qxa4 Rf7 26. Bd1 c5 27. Qa5 Rc8 28.
Qa6 Rc6 29. Rb8+ Kh7 30. Qa5 Qxd6 31. Rd8 Qf6 32. Rd5 g4 33. Qa1 Nxf3+ 34. Bxf3
Qxa1 35. Rxa1 gxf3 36. gxf3 Rxf3 37. Rxa7+ Kh8 38. Kg2 Re3 39. e5 Rb6 40. Ra2
c4 41. Rc5 Rbb3 42. Rxc4 Rg3+ 43. Kf2 Rxh3 44. Kg2 Rhe3 45. Rc5 h4 46. Rac2 g5
47. e6 g4 48. Rc6 Re5 49. Rd6 Rbe3 50. Rdc6 h3+ 0-1

[Event "Villa Martelli Pro Am op 14th"]
[Site "Villa Martelli"]
[Date "2007.10.14"]
[Round "5"]
[White "Rodriguez Vila, Andres"]
[Black "Della Morte, German"]
[Result "1-0"]
[WhiteElo "2547"]
[BlackElo "2345"]
[PlyCount "87"]
[EventDate "2007.10.18"]
[EventType "swiss"]
[EventRounds "9"]
[EventCountry "ARG"]
[SourceTitle "EXT 2008"]
[Source "ChessBase"]
[SourceDate "2007.11.25"]
[SourceVersion "1"]
[SourceVersionDate "2007.11.25"]
[SourceQuality "1"]

1. f4 d5 2. g3 g6 3. Bg2 Bg7 4. Nf3 c5 5. O-O Nc6 6. d3 Nh6 7. e4 dxe4 8. dxe4
Qxd1 9. Rxd1 Nd4 10. Nxd4 Bxd4+ 11. Kf1 Bg4 12. Rd3 Bd7 13. Na3 O-O-O 14. h3
Bg7 15. g4 c4 16. Rg3 b5 17. c3 f6 18. Be3 Kb8 19. b3 f5 20. bxc4 fxg4 21. Rb1
gxh3 22. Bf3 Bxc3 23. Nxb5 Bxb5 24. Rxb5+ Kc7 25. Bxa7 Bd4 26. c5 Ra8 27. Bb6+
Kc6 28. Rb4 e5 29. Rxd4 exd4 30. Rxh3 Ra3 31. e5+ Rxf3+ 32. Rxf3 Nf5 33. a4
Ne3+ 34. Ke2 Ra8 35. a5 Nc4 36. Rb3 h5 37. Kd3 Nxb6 38. cxb6 Kb7 39. Ra3 h4 40.
Kxd4 Kc6 41. Rc3+ Kb7 42. Rc7+ Ka6 43. Rh7 Kxa5 44. Ra7+ 1-0

[Event "Villa Martelli Pro Am op 14th"]
[Site "Villa Martelli"]
[Date "2007.10.15"]
[Round "6.1"]
[White "Zarnicki, Pablo Adrian"]
[Black "Rodriguez Vila, Andres"]
[Result "0-1"]
[WhiteElo "2509"]
[BlackElo "2547"]
[PlyCount "90"]
[EventDate "2007.10.18"]
[EventType "swiss"]
[EventRounds "9"]
[EventCountry "ARG"]
[SourceTitle "EXT 2008"]
[Source "ChessBase"]
[SourceDate "2007.11.25"]
[SourceVersion "1"]
[SourceVersionDate "2007.11.25"]
[SourceQuality "1"]

1. e4 d6 2. d4 g6 3. Nc3 a6 4. f4 b5 5. Nf3 b4 6. Nd5 Bb7 7. Bd3 e6 8. Ne3 c5
9. c3 cxd4 10. cxd4 Nf6 11. e5 Nd5 12. Nxd5 Bxd5 13. O-O Be7 14. Qe2 O-O 15.
Be3 Nc6 16. Bf2 Qa5 17. h4 Rad8 18. Rfc1 dxe5 19. dxe5 Rd7 20. Be4 Rc8 21. Bxd5
Rxd5 22. Rc4 Rd7 23. Rac1 Rdc7 24. Qc2 Bd8 25. Qd2 Be7 26. a3 bxa3 27. bxa3 Bd8
28. Qd6 Be7 29. Qd3 Bxa3 30. Rb1 Qd5 31. Qxd5 exd5 32. Rc3 Bf8 33. Rbc1 Bb4 34.
R3c2 Ba5 35. Ra1 Nb4 36. Rxc7 Bxc7 37. Rc1 Nd3 38. Rc6 a5 39. Kf1 a4 40. Nd4 a3
41. Nb5 Nxf2 42. Kxf2 a2 43. Ra6 Bb6+ 44. Ke2 Rc5 45. Ra8+ Kg7 0-1

[Event "Villa Martelli Pro Am op 14th"]
[Site "Villa Martelli"]
[Date "2007.10.16"]
[Round "7.1"]
[White "Rodriguez Vila, Andres"]
[Black "Slipak, Sergio"]
[Result "1/2-1/2"]
[WhiteElo "2547"]
[BlackElo "2435"]
[PlyCount "38"]
[EventDate "2007.10.18"]
[EventType "swiss"]
[EventRounds "9"]
[EventCountry "ARG"]
[SourceTitle "EXT 2008"]
[Source "ChessBase"]
[SourceDate "2007.11.25"]
[SourceVersion "1"]
[SourceVersionDate "2007.11.25"]
[SourceQuality "1"]

1. f4 d5 2. Nf3 g6 3. g3 Bg7 4. Bg2 Nh6 5. O-O Nf5 6. Qe1 d4 7. e4 dxe3 8. dxe3
Nc6 9. e4 Nfd4 10. Nxd4 Qxd4+ 11. Kh1 Be6 12. Nc3 Qd7 13. Be3 Bh3 14. Bxh3 Qxh3
15. f5 O-O-O 16. Ne2 Be5 17. Nf4 Bxf4 18. Rxf4 g5 19. Rf1 Qg4 1/2-1/2

[Event "Villa Martelli Pro Am op 14th"]
[Site "Villa Martelli"]
[Date "2007.10.17"]
[Round "8.1"]
[White "Valerga, Diego"]
[Black "Rodriguez Vila, Andres"]
[Result "1-0"]
[WhiteElo "2466"]
[BlackElo "2547"]
[PlyCount "85"]
[EventDate "2007.10.18"]
[EventType "swiss"]
[EventRounds "9"]
[EventCountry "ARG"]
[SourceTitle "EXT 2008"]
[Source "ChessBase"]
[SourceDate "2007.11.25"]
[SourceVersion "1"]
[SourceVersionDate "2007.11.25"]
[SourceQuality "1"]

1. e4 d6 2. d4 g6 3. Be3 Nf6 4. f3 Nbd7 5. c4 e5 6. Ne2 c5 7. dxe5 Nxe5 8. Nbc3
Bg7 9. Nf4 O-O 10. Qd2 Be6 11. Nxe6 fxe6 12. O-O-O Qa5 13. Qxd6 Nfd7 14. f4 Nf7
15. Qxd7 Bxc3 16. Qb5 Qxb5 17. cxb5 Bd4 18. Bxd4 cxd4 19. e5 Rac8+ 20. Kb1 Rfd8
21. Bd3 Nh6 22. Rc1 Ng4 23. Rxc8 Rxc8 24. Rc1 Rxc1+ 25. Kxc1 b6 26. Be2 Ne3 27.
g3 h5 28. Kd2 h4 29. Kd3 hxg3 30. hxg3 Kg7 31. g4 g5 32. fxg5 Kg6 33. Kxd4 Nd5
34. Bc4 Nc7 35. Bxe6 Nxe6+ 36. Kd5 Nxg5 37. Kc6 Kf7 38. Kb7 Ke6 39. Kxa7 Kxe5
40. Kxb6 Kd6 41. a4 Nf7 42. a5 Kd7 43. a6 1-0

[Event "Villa Martelli Pro Am op 14th"]
[Site "Villa Martelli"]
[Date "2007.10.18"]
[Round "9.1"]
[White "Rodriguez Vila, Andres"]
[Black "Pierrot, Juan Facundo"]
[Result "1-0"]
[WhiteElo "2547"]
[BlackElo "2450"]
[PlyCount "65"]
[EventDate "2007.10.18"]
[EventType "swiss"]
[EventRounds "9"]
[EventCountry "ARG"]
[SourceTitle "EXT 2008"]
[Source "ChessBase"]
[SourceDate "2007.11.25"]
[SourceVersion "1"]
[SourceVersionDate "2007.11.25"]
[SourceQuality "1"]

1. d4 Nf6 2. Bg5 d5 3. Bxf6 exf6 4. e3 Bd6 5. c4 dxc4 6. Bxc4 O-O 7. Nc3 Nd7 8.
Nf3 Nb6 9. Bd3 c6 10. Qc2 g6 11. O-O-O Nd5 12. Nxd5 cxd5 13. Qb3 Qa5 14. Kb1
Bd7 15. Rc1 b6 16. Qc3 Qa4 17. Qc2 Qa5 18. Qe2 Rac8 19. Nd2 Rxc1+ 20. Rxc1 Rc8
21. Rxc8+ Bxc8 22. Nb3 Qb4 23. g3 a5 24. Qc2 Bd7 25. a3 Qa4 26. Nc1 Kf8 27. Ne2
Ke7 28. Nc3 Qxc2+ 29. Bxc2 Bc6 30. Bb3 b5 31. Bxd5 b4 32. axb4 axb4 33. Bxc6
1-0

[Event "Villa Martelli Jorge Laplaza"]
[Site "Villa Martelli"]
[Date "2007.11.05"]
[Round "1"]
[White "Rodriguez Vila, Andres"]
[Black "Della Morte, Pablo"]
[Result "1-0"]
[WhiteElo "2547"]
[BlackElo "2283"]
[PlyCount "104"]
[EventDate "2007.11.07"]
[EventType "tourn"]
[EventRounds "9"]
[EventCountry "ARG"]
[EventCategory "3"]
[SourceTitle "EXT 2008"]
[Source "ChessBase"]
[SourceDate "2007.11.25"]
[SourceVersion "1"]
[SourceVersionDate "2007.11.25"]
[SourceQuality "1"]

1. d3 c5 2. g3 Nc6 3. Bg2 g6 4. e4 Bg7 5. c3 e5 6. Be3 d6 7. Qd2 Nge7 8. Bh6
O-O 9. h4 Bxh6 10. Qxh6 f6 11. Nf3 b5 12. Na3 Rb8 13. O-O b4 14. Nc4 Be6 15. h5
Rf7 16. Bh3 Qd7 17. Bxe6 Qxe6 18. Kg2 Rg7 19. hxg6 Nxg6 20. Rh1 Qg4 21. Qe3
bxc3 22. bxc3 d5 23. exd5 Nf4+ 24. Kf1 Nxd5 25. Qe4 Qxe4 26. dxe4 Nxc3 27. Nfd2
Nd4 28. Kg2 Ne6 29. Rhe1 Rd8 30. Re3 Rd3 31. Rxd3 Nf4+ 32. Kf3 Nxd3 33. a3 Rb7
34. Ke3 Nb2 35. Nxb2 Rxb2 36. Rc1 Na4 37. Rc4 Nb6 38. Rxc5 Ra2 39. Rc3 Na4 40.
Rc8+ Kg7 41. Nc4 Nb6 42. Rc7+ Kg6 43. Nd6 Rxa3+ 44. Ke2 Ra4 45. f4 Rd4 46. f5+
Kh6 47. Nf7+ Kh5 48. Kf3 Rd3+ 49. Kg2 a5 50. Kh3 Re3 51. Rb7 Nc4 52. Rb8 Nd2 {
tiempo} 1-0

[Event "Villa Martelli Jorge Laplaza"]
[Site "Villa Martelli"]
[Date "2007.11.06"]
[Round "2"]
[White "Rodriguez Vila, Andres"]
[Black "Fusco, Leonardo"]
[Result "1-0"]
[WhiteElo "2547"]
[BlackElo "2332"]
[PlyCount "108"]
[EventDate "2007.11.07"]
[EventType "tourn"]
[EventRounds "9"]
[EventCountry "ARG"]
[EventCategory "3"]
[SourceTitle "EXT 2008"]
[Source "ChessBase"]
[SourceDate "2007.11.25"]
[SourceVersion "1"]
[SourceVersionDate "2007.11.25"]
[SourceQuality "1"]

1. b4 e6 2. a3 Nf6 3. Bb2 b6 4. c4 Bb7 5. Nf3 c5 6. Qa4 Be7 7. e3 O-O 8. Be2
Na6 9. b5 Nc7 10. O-O a6 11. bxa6 Bxa6 12. Qb3 d5 13. d3 b5 14. Nbd2 Nd7 15.
Rab1 f6 16. Rfc1 Kh8 17. Bf1 Bd6 18. Qc2 Qe7 19. Nb3 e5 20. Nfd2 Bb7 21. Ra1
bxc4 22. dxc4 d4 23. Re1 Qf7 24. e4 Bc6 25. Bc1 g6 26. Nf3 Ba4 27. Bd2 Ne6 28.
Rab1 f5 29. Bd3 f4 30. h3 g5 31. Nh2 h5 32. Be2 Nf6 33. Qd3 Bc7 34. Rb2 Ra7 35.
f3 Rfa8 36. Ra1 Nd7 37. Nc1 Bc6 38. Bd1 Nb6 39. Rba2 Ng7 40. Bb3 Bb8 41. Rc2
Bd7 42. a4 Bxa4 43. Rca2 Bd6 44. Bxa4 Rxa4 45. Rxa4 Rxa4 46. Rxa4 Nxa4 47. Qb3
Qd7 48. Ba5 Ne6 49. Nd3 Kg7 50. Nf1 Kf6 51. Nd2 Qc6 52. Nb1 Qa6 53. Qxa4 Bc7
54. Nxe5 Bxe5 1-0

[Event "Villa Martelli Jorge Laplaza"]
[Site "Villa Martelli"]
[Date "2007.11.07"]
[Round "3"]
[White "Moskow, Eric"]
[Black "Rodriguez Vila, Andres"]
[Result "0-1"]
[WhiteElo "2254"]
[BlackElo "2547"]
[PlyCount "53"]
[EventDate "2007.11.07"]
[EventType "tourn"]
[EventRounds "9"]
[EventCountry "ARG"]
[EventCategory "3"]
[SourceTitle "EXT 2008"]
[Source "ChessBase"]
[SourceDate "2007.11.25"]
[SourceVersion "1"]
[SourceVersionDate "2007.11.25"]
[SourceQuality "1"]

1. Nf3 f5 2. c4 Nf6 3. Nc3 d6 4. g3 e5 5. d3 Nc6 6. Bg2 h6 7. Rb1 g5 8. b4 Bg7
9. b5 Ne7 10. a4 Rb8 11. Bb2 b6 12. Nd2 O-O 13. Nd5 Nexd5 14. cxd5 Bb7 15. e4
Qd7 16. O-O f4 17. d4 exd4 18. gxf4 gxf4 19. f3 Kh8 20. Nb3 Nh5 21. Nxd4 Rg8
22. Ne6 Be5 23. Bxe5+ dxe5 24. Qc2 Rbc8 25. Qc3 Qd6 26. Rfe1 Ng7 27. Nxg7 0-1

[Event "Villa Martelli Jorge Laplaza"]
[Site "Villa Martelli"]
[Date "2007.11.08"]
[Round "4"]
[White "Rodriguez Vila, Andres"]
[Black "Paglilla, Carlos"]
[Result "1-0"]
[WhiteElo "2547"]
[BlackElo "2367"]
[PlyCount "61"]
[EventDate "2007.11.07"]
[EventType "tourn"]
[EventRounds "9"]
[EventCountry "ARG"]
[EventCategory "3"]
[SourceTitle "EXT 2008"]
[Source "ChessBase"]
[SourceDate "2007.11.25"]
[SourceVersion "1"]
[SourceVersionDate "2007.11.25"]
[SourceQuality "1"]

1. f4 d5 2. g3 g6 3. Bg2 Bg7 4. Nf3 Nf6 5. O-O O-O 6. d3 c5 7. Qe1 d4 8. c4 a5
9. h3 Ne8 10. g4 Nd6 11. Na3 Nc6 12. Qg3 f5 13. g5 Qe8 14. h4 Bd7 15. Ne5 Nxe5
16. fxe5 Nf7 17. Bf4 Bc6 18. e6 Nd8 19. Bd5 Bxd5 20. cxd5 b5 21. Kg2 Nb7 22.
Rh1 Rd8 23. Qf3 h5 24. gxh6 Bf6 25. Rag1 Kh8 26. Rh2 Nd6 27. Kh1 Rg8 28. b3 Ra8
29. h5 a4 30. Bxd6 exd6 31. Nxb5 1-0

[Event "Villa Martelli Jorge Laplaza"]
[Site "Villa Martelli"]
[Date "2007.11.08"]
[Round "5"]
[White "Granara Barreto, Sebastian A"]
[Black "Rodriguez Vila, Andres"]
[Result "0-1"]
[WhiteElo "2242"]
[BlackElo "2547"]
[PlyCount "122"]
[EventDate "2007.11.07"]
[EventType "tourn"]
[EventRounds "9"]
[EventCountry "ARG"]
[EventCategory "3"]
[SourceTitle "EXT 2008"]
[Source "ChessBase"]
[SourceDate "2007.11.25"]
[SourceVersion "1"]
[SourceVersionDate "2007.11.25"]
[SourceQuality "1"]

1. e4 c5 2. Nf3 d6 3. d4 cxd4 4. Nxd4 Nf6 5. Nc3 g6 6. Be3 Bg7 7. f3 O-O 8. Qd2
Nc6 9. Bc4 Bd7 10. O-O-O Na5 11. Bb3 Nxb3+ 12. cxb3 Qa5 13. Kb1 Rfc8 14. Nd5
Qxd2 15. Nxf6+ Bxf6 16. Rxd2 h5 17. Ne2 Bb5 18. Nf4 Kf8 19. Nd5 Bg7 20. Bd4 Bh6
21. Be3 Bxe3 22. Nxe3 h4 23. Re1 f6 24. Nd5 Kf7 25. Nc3 Bc6 26. f4 Rh8 27. a4
Rh5 28. b4 a6 29. b3 Rd8 30. e5 Rf5 31. g3 fxe5 32. fxe5 hxg3 33. b5 axb5 34.
axb5 Bf3 35. hxg3 d5 36. Rd4 Ke6 37. Re3 Rdf8 38. Rdd3 Bg2 39. Rd2 Rf2 40. Ree2
Rxe2 41. Rxe2 Bf3 42. Re1 d4 43. Na4 Rc8 44. Rc1 Rxc1+ 45. Kxc1 Kxe5 46. Nc5
Kd6 47. b4 b6 48. Na4 Be2 49. Nxb6 Bxb5 50. Nc8+ Kd7 51. Nb6+ Ke6 52. Kd2 g5
53. Nc8 g4 54. Na7 Bd7 55. b5 Kd6 56. b6 e5 57. Kd3 Bf5+ 58. Kc4 Be6+ 59. Kd3
Bd5 60. Nc8+ Kc5 61. Ne7 e4+ 0-1

[Event "Villa Martelli Jorge Laplaza"]
[Site "Villa Martelli"]
[Date "2007.11.09"]
[Round "6"]
[White "Rodriguez Vila, Andres"]
[Black "Barrionuevo, Pablo"]
[Result "1/2-1/2"]
[WhiteElo "2547"]
[BlackElo "2288"]
[PlyCount "92"]
[EventDate "2007.11.07"]
[EventType "tourn"]
[EventRounds "9"]
[EventCountry "ARG"]
[EventCategory "3"]
[SourceTitle "EXT 2008"]
[Source "ChessBase"]
[SourceDate "2007.11.25"]
[SourceVersion "1"]
[SourceVersionDate "2007.11.25"]
[SourceQuality "1"]

1. f4 d5 2. g3 Nf6 3. Bg2 g6 4. Nf3 Bg7 5. O-O O-O 6. h3 b6 7. d3 Bb7 8. Qe1 c5
9. c3 Nbd7 10. Na3 Qc7 11. g4 e5 12. fxe5 Nxe5 13. Nxe5 Qxe5 14. Bf4 Qe6 15.
Nb5 Ne8 16. e4 Qd7 17. exd5 Qxb5 18. Qe7 Qa6 19. g5 Bh8 20. Be4 Ng7 21. Bd6 Nf5
22. Rxf5 gxf5 23. Bxf5 Bg7 24. Qe4 h5 25. gxh6 Bf6 26. Kf2 Kh8 27. Qf4 Qb5 28.
Be4 Qxb2+ 29. Kf3 Bh4 30. Qxh4 Qxc3 31. Qg5 f5 32. Qg7+ Qxg7 33. hxg7+ Kxg7 34.
Rg1+ Kf6 35. Bxf8 Rxf8 36. Kf4 fxe4 37. dxe4 Ke7+ 38. Ke5 Rf7 39. h4 Rh7 40.
Rg5 b5 41. h5 b4 42. h6 Kf7 43. Kd6 c4 44. e5 Rxh6+ 45. e6+ Kf6 46. Rg4 Kf5
1/2-1/2